[Event "Wch U20"]
[Site "Halle"]
[Date "1995.??.??"]
[Round "3"]
[White "Kumaran, Dharshan"]
[Black "Isonzo, Davide"]
[Result "1-0"]
[WhiteElo "2500"]
[BlackElo "2190"]
[PlyCount "67"]
[EventDate "1995.09.??"]
[EventType "swiss"]
[EventRounds "13"]
[EventCountry "GER"]
[SourceTitle "CBM 048 Extra"]
[Source "ChessBase"]
[SourceDate "1995.11.01"]
[SourceVersion "1"]
[SourceVersionDate "1995.11.01"]
[SourceQuality "1"]

1. d4 Nf6 2. c4 g6 3. Nc3 Bg7 4. e4 d6 5. Nf3 0-0 6. Be2 e5 7. d5 a5 8. h3 Na6 9. Bg5 h6 10. Be3 Ne8 11. Qd2 Kh7 12. g4 f5 13. exf5 gxf5 14. gxf5 Bxf5 15. 0-0-0 c6 16. dxc6 bxc6 17. h4 Nb4 18. h5 d5 19. Bc5 d4 20. Bxf8 Bxf8 21. Nh4 Bc2 22. a3 Be7 23. axb4 Bg5 24. f4 Bxf4 25. Qxf4 exf4 26. Kxc2 axb4 27. Ne4 b3+ 28. Kd3 Qe7 29. Ng3 Qf7 30. Rhf1 Qa7 31. Rxf4 Qa2 32. Rf7+ Kg8 33. Rdf1 Nc7 34. Rxc7 1-0

[Event "Hastings Masters"]
[Site "Hastings"]
[Date "1995.??.??"]
[Round "4"]
[White "Kumaran, Dharshan"]
[Black "Jain, Naveen"]
[Result "1/2-1/2"]
[WhiteElo "2500"]
[BlackElo "2265"]
[PlyCount "93"]
[EventDate "1995.08.??"]
[EventType "swiss"]
[EventRounds "9"]
[EventCountry "ENG"]
[SourceTitle "CBM 048 Extra"]
[Source "ChessBase"]
[SourceDate "1995.11.01"]
[SourceVersion "1"]
[SourceVersionDate "1995.11.01"]
[SourceQuality "1"]

1. d4 Nf6 2. c4 e6 3. Nc3 d5 4. cxd5 exd5 5. Bg5 Be7 6. e3 0-0 7. Bd3 Nbd7 8. Nge2 b6 9. Ng3 g6 10. 0-0 Bb7 11. Rc1 c5 12. Nge2 Ne4 13. Bh6 Re8 14. dxc5 Nexc5 15. Bb1 Ne5 16. Nd4 Bf6 17. Bf4 Rc8 18. a4 Ne6 19. Nxe6 Rxe6 20. Nb5 a6 21. Nd4 Re7 22. Qb3 Nc4 23. Rcd1 Be5 24. Bxe5 Rxe5 25. Bd3 Qf6 26. Qa2 Re7 27. b3 Ne5 28. Qe2 Nxd3 29. Qxd3 Rec7 30. Rd2 Qd6 31. Rfd1 Rc3 32. Qe2 Qb4 33. h4 h5 34. Rd3 R3c7 35. Qf3 Qe7 36. Qf4 Qe4 37. Qf6 Qe7 38. Qf4 Qe4 39. Qg3 Rc1 40. Kh1 R1c7 41. f3 Qe7 42. f4 Re8 43. Qg5 a5 44. Nb5 Rc2 45. Qxe7 Rxe7 46. Nd4 Rc8 47. Nb5 1/2-1/2

[Event "New York Marshall"]
[Site "New York"]
[Date "1995.??.??"]
[Round "4"]
[White "Kumaran, Dharshan"]
[Black "Sokolin, Leonid M"]
[Result "1/2-1/2"]
[WhiteElo "2505"]
[BlackElo "2465"]
[PlyCount "100"]
[EventDate "1995.??.??"]
[EventType "swiss"]
[EventRounds "5"]
[EventCountry "USA"]
[SourceTitle "EXT 1997"]
[Source "ChessBase"]
[SourceDate "1996.11.15"]
[SourceVersion "1"]
[SourceVersionDate "1996.11.15"]
[SourceQuality "1"]

1. d4 Nf6 2. c4 g6 3. Nc3 Bg7 4. e4 d6 5. Nf3 0-0 6. Be2 e5 7. d5 h6 8. Nd2 c6 9. Nf1 Na6 10. Be3 cxd5 11. cxd5 b5 12. Bxb5 Ng4 13. Be2 Nxe3 14. Nxe3 f5 15. 0-0 Nc5 16. b4 Nxe4 17. Nxe4 fxe4 18. Rc1 Bf5 19. Rc6 Rf7 20. Nc4 Bf8 21. b5 Qg5 22. Qc1 Qf6 23. a4 Bd7 24. Rc7 Qd8 25. Ne3 Rc8 26. Rxc8 Bxc8 27. Qc4 Bf5 28. Qb4 Qb6 29. a5 Qd4 30. Rb1 Bc8 31. Qc4 Bb7 32. a6 Ba8 33. Rd1 Qb2 34. Kf1 Kg7 35. g3 Be7 36. Qxe4 h5 37. h4 Bd8 38. Nc4 Qb4 39. Bd3 Rf6 40. Rb1 Qc5 41. Qe3 Qxd5 42. Qxa7+ Rf7 43. Qe3 Rf3 44. Qe4 Rxd3 45. Qxd5 Bxd5 46. Nxd6 Bb6 47. Nc8 Bc5 48. b6 Bc4 49. Ke1 Bxa6 50. b7 Bxb7 1/2-1/2

[Event "Wch U20"]
[Site "Halle"]
[Date "1995.??.??"]
[Round "2"]
[White "Maharramzade, Javad"]
[Black "Kumaran, Dharshan"]
[Result "1-0"]
[WhiteElo "2295"]
[BlackElo "2500"]
[PlyCount "89"]
[EventDate "1995.09.??"]
[EventType "swiss"]
[EventRounds "13"]
[EventCountry "GER"]
[SourceTitle "CBM 048 Extra"]
[Source "ChessBase"]
[SourceDate "1995.11.01"]
[SourceVersion "1"]
[SourceVersionDate "1995.11.01"]
[SourceQuality "1"]

1. d4 Nf6 2. Nf3 c5 3. d5 g6 4. Nc3 Bg7 5. e4 0-0 6. Be2 b5 7. e5 Ng4 8. Bf4 b4 9. Ne4 f6 10. d6 e6 11. 0-0 Nc6 12. Nxc5 fxe5 13. Bg5 Nf6 14. a3 Qb6 15. Be3 Qb8 16. axb4 Qxb4 17. Nd3 Qxd6 18. Bc5 Qc7 19. Ndxe5 Re8 20. Bd6 Qb7 21. Nxc6 dxc6 22. Be5 Qb6 23. Qd4 Qxd4 24. Nxd4 Bd7 25. Nb3 Re7 26. Ra5 Be8 27. Rfa1 Nd5 28. Bxg7 Kxg7 29. Nc5 Kf6 30. R1a3 e5 31. g3 Bf7 32. Ne4+ Kg7 33. Rc5 Rb8 34. b3 Nb4 35. Raa5 Bd5 36. Nc3 e4 37. Nd1 Bf7 38. Ne3 Nd5 39. Rxc6 Nxe3 40. fxe3 Rd7 41. Kf2 Bd5 42. Rcc5 Rf7+ 43. Ke1 Bxb3 44. cxb3 Rxb3 45. Rcb5 1-0

[Event "Graz op"]
[Site "Graz"]
[Date "1995.??.??"]
[Round "1"]
[White "Riedner, Martin"]
[Black "Kumaran, Dharshan"]
[Result "0-1"]
[WhiteElo "2170"]
[BlackElo "2500"]
[PlyCount "56"]
[EventDate "1995.09.??"]
[EventType "swiss"]
[EventRounds "9"]
[EventCountry "AUT"]
[SourceTitle "EXT 1998"]
[Source "ChessBase"]
[SourceDate "1997.11.17"]
[SourceVersion "1"]
[SourceVersionDate "1997.11.17"]
[SourceQuality "1"]

1. e4 c5 2. Nf3 e6 3. b3 b6 4. Bb2 Bb7 5. Nc3 a6 6. Bd3 d6 7. 0-0 Nd7 8. Re1 Ngf6 9. a4 Be7 10. Bf1 0-0 11. d4 cxd4 12. Nxd4 Qc7 13. f4 Rfe8 14. f5 e5 15. Nf3 Qc5+ 16. Kh1 Ng4 17. Re2 Nf2+ 18. Rxf2 Qxf2 19. Bc4 Nf6 20. Qd3 Qc5 21. Ba3 Qc7 22. Bb2 Ng4 23. Nd1 b5 24. axb5 axb5 25. Bxb5 Rxa1 26. Bxa1 Ra8 27. Bc3 Nf6 28. Nf2 Qc5 0-1

[Event "Wch U20 33rd"]
[Site "Matinhos"]
[Date "1994.09.??"]
[Round "1"]
[White "Kovacevic, Blazimir"]
[Black "Kumaran, Dharshan"]
[Result "0-1"]
[WhiteElo "2315"]
[BlackElo "2495"]
[PlyCount "56"]
[EventDate "1994.09.??"]
[EventType "swiss"]
[EventRounds "13"]
[EventCountry "BRA"]
[SourceTitle "EXT 2022"]
[Source "ChessBase"]
[SourceDate "2021.10.06"]
[SourceVersion "1"]
[SourceVersionDate "2021.10.06"]
[SourceQuality "1"]

1. d4 Nf6 2. c4 c5 3. d5 b5 4. cxb5 a6 5. b6 Qxb6 6. Nc3 g6 7. a4 Bg7 8. a5 Qb4 9. Ra4 Qb7 10. e4 d6 11. Be2 Bd7 12. Ra3 Qb4 13. Qc2 Nxe4 14. Nf3 0-0 15. 0-0 Nf6 16. Rd1 Bf5 17. Bd3 Bxd3 18. Rxd3 Nbd7 19. Ra4 Qb7 20. Ng5 Ne5 21. Rh3 c4 22. Bf4 Nd3 23. Rxc4 Nxf4 24. Rxf4 h6 25. Nf3 Nxd5 26. Qe4 e6 27. Nd2 Qxb2 28. Nxd5 exd5 0-1

[Event "Wch U20 33rd"]
[Site "Matinhos"]
[Date "1994.09.??"]
[Round "11"]
[White "Kumaran, Dharshan"]
[Black "Miladinovic, Igor"]
[Result "1-0"]
[WhiteElo "2495"]
[BlackElo "2500"]
[PlyCount "129"]
[EventDate "1994.09.??"]
[EventType "swiss"]
[EventRounds "13"]
[EventCountry "BRA"]
[SourceTitle "EXT 2022"]
[Source "ChessBase"]
[SourceDate "2021.10.06"]
[SourceVersion "1"]
[SourceVersionDate "2021.10.06"]
[SourceQuality "1"]

1. d4 d5 2. c4 Nc6 3. Nf3 Bg4 4. Nc3 e6 5. Bg5 f6 6. Bh4 Bb4 7. e3 Nge7 8. cxd5 exd5 9. h3 Be6 10. Bg3 Nf5 11. Bh2 Bd6 12. Bb5 0-0 13. Bxc6 bxc6 14. 0-0 c5 15. dxc5 Bxc5 16. Na4 Bd6 17. Bxd6 Qxd6 18. Nd4 Rfb8 19. Nxe6 Qxe6 20. Rc1 c6 21. Qg4 g6 22. Nc5 Qf7 23. Nb3 Rb6 24. Qa4 Qb7 25. Nc5 Qe7 26. Rc2 Nd6 27. Nd3 Qb7 28. Qf4 Qe7 29. Rfc1 Nc4 30. b3 Ne5 31. Nxe5 fxe5 32. Qa4 Rf8 33. Rxc6 Qf7 34. R6c2 Rd6 35. Qh4 d4 36. Rc7 Rd7 37. Rxd7 Qxd7 38. exd4 exd4 39. Re1 h5 40. Qe4 Kg7 41. Qe5+ Kh7 42. Rc1 Rf7 43. Rd1 d3 44. Qe3 Re7 45. Rxd3 Qe8 46. Qd4 Qc6 47. Rc3 Qa6 48. Qd8 Qf6 49. Qd2 Qf5 50. Rd3 Rf7 51. Rd8 Rg7 52. h4 a6 53. g3 Qb1+ 54. Kh2 Qf5 55. Qd4 Qe6 56. Kg2 Qe7 57. Rb8 Rg8 58. Rxg8 Qb7+ 59. Kh2 Kxg8 60. b4 Qc6 61. Qd1 Kh7 62. Qb3 Qf6 63. Kg1 Qe7 64. Qc4 Qd6 65. Kg2 1-0

[Event "Wch U20 33rd"]
[Site "Matinhos"]
[Date "1994.09.??"]
[Round "8"]
[White "Kumaran, Dharshan"]
[Black "Votava, Jan"]
[Result "1-0"]
[WhiteElo "2495"]
[BlackElo "2410"]
[PlyCount "79"]
[EventDate "1994.09.??"]
[EventType "swiss"]
[EventRounds "13"]
[EventCountry "BRA"]
[SourceTitle "EXT 2022"]
[Source "ChessBase"]
[SourceDate "2021.10.06"]
[SourceVersion "1"]
[SourceVersionDate "2021.10.06"]
[SourceQuality "1"]

1. d4 Nf6 2. c4 e6 3. Nc3 Bb4 4. Qc2 0-0 5. a3 Bxc3+ 6. Qxc3 b6 7. Nf3 Bb7 8. e3 d6 9. Be2 Nbd7 10. 0-0 c5 11. b3 Qc7 12. Bb2 Rac8 13. Rac1 Be4 14. Nd2 Bg6 15. d5 b5 16. dxe6 fxe6 17. cxb5 d5 18. f4 Qb7 19. a4 Rfe8 20. Nf3 Be4 21. Qe1 Nf8 22. b4 c4 23. Bd4 Ng6 24. Qc3 Rf8 25. Bc5 Rfe8 26. Qd4 Ne7 27. Qc3 Ng6 28. Bd4 Rf8 29. h3 Nh5 30. Qe1 Nhxf4 31. exf4 Nxf4 32. Rf2 Qf7 33. Be5 Ng6 34. Bd6 Nf4 35. Ng5 Qg6 36. Bxf4 Rxf4 37. Rxf4 Qxg5 38. Rxe4 dxe4 39. Rxc4 Qe3+ 40. Qf2 1-0

[Event "Wch U20 33rd"]
[Site "Matinhos"]
[Date "1994.09.??"]
[Round "13"]
[White "Mariano, Nelson"]
[Black "Kumaran, Dharshan"]
[Result "1/2-1/2"]
[WhiteElo "2345"]
[BlackElo "2495"]
[PlyCount "91"]
[EventDate "1994.09.??"]
[EventType "swiss"]
[EventRounds "13"]
[EventCountry "BRA"]
[SourceTitle "EXT 2022"]
[Source "ChessBase"]
[SourceDate "2021.10.06"]
[SourceVersion "1"]
[SourceVersionDate "2021.10.06"]
[SourceQuality "1"]

1. e4 c6 2. d4 d5 3. e5 Bf5 4. h4 h5 5. c4 e6 6. Nc3 Be7 7. cxd5 cxd5 8. Bg5 Nc6 9. Qd2 Qb6 10. Bb5 Bb4 11. Nge2 Nge7 12. a3 Bxc3 13. Nxc3 0-0 14. Rd1 Bh7 15. Bxe7 Nxe7 16. Be2 Nc6 17. b4 Rac8 18. Na4 Qc7 19. 0-0 Qe7 20. g3 Bg6 21. Rc1 Nb8 22. Rxc8 Rxc8 23. Rc1 Qe8 24. Nc5 b6 25. Nb7 Rxc1+ 26. Qxc1 Qc6 27. Qxc6 Nxc6 28. Nd6 Nxd4 29. Bd1 a6 30. Nc8 Nc6 31. Nxb6 Nxe5 32. Be2 Bd3 33. Kf1 Bb5 34. Na8 Nc4 35. Nc7 Kf8 36. a4 Bxa4 37. Nxa6 g6 38. Bxc4 dxc4 39. Nc5 Bb5 40. Ne4 Ke7 41. Nc3 Bc6 42. Ke2 e5 43. Kd2 Ke6 44. Ke3 f6 45. Kd2 g5 46. Ke3 1/2-1/2

[Event "Wch U20 33rd"]
[Site "Matinhos"]
[Date "1994.09.??"]
[Round "3"]
[White "Riegler, Primoz"]
[Black "Kumaran, Dharshan"]
[Result "1/2-1/2"]
[WhiteElo "2250"]
[BlackElo "2495"]
[PlyCount "70"]
[EventDate "1994.09.??"]
[EventType "swiss"]
[EventRounds "13"]
[EventCountry "BRA"]
[SourceTitle "EXT 2022"]
[Source "ChessBase"]
[SourceDate "2021.10.06"]
[SourceVersion "1"]
[SourceVersionDate "2021.10.06"]
[SourceQuality "1"]

1. e4 c6 2. d4 d5 3. Nd2 dxe4 4. Nxe4 Bf5 5. Ng3 Bg6 6. h4 h6 7. f4 e6 8. Nf3 Nd7 9. h5 Bh7 10. Bd3 Bxd3 11. Qxd3 Ngf6 12. Bd2 Qc7 13. 0-0-0 Bd6 14. Ne5 Rf8 15. Ne4 Nxe4 16. Qxe4 Nf6 17. Qf3 0-0-0 18. Kb1 c5 19. dxc5 Bxc5 20. Be3 Nd5 21. Bxc5 Qxc5 22. Rd3 f6 23. Ng6 Rfe8 24. Rhd1 Ne3 25. Rxd8+ Rxd8 26. Rxd8+ Kxd8 27. Qe4 Qxh5 28. Qxe3 Qxg6 29. Qd4+ Ke8 30. Qa4+ Kf8 31. Qb4+ Kg8 32. Qxb7 Qg4 33. b3 Qd1+ 34. Kb2 Qd4+ 35. Ka3 Qxf4 1/2-1/2

[Event "Kopavogur"]
[Site "Kopavogur"]
[Date "1994.??.??"]
[Round "?"]
[White "Almasi, Zoltan"]
[Black "Kumaran, Dharshan"]
[Result "1-0"]
[WhiteElo "2610"]
[BlackElo "2465"]
[PlyCount "67"]
[EventDate "1994.04.??"]
[EventType "swiss"]
[EventRounds "9"]
[EventCountry "ISL"]
[SourceTitle "CBM 041 Extra"]
[Source "ChessBase"]
[SourceDate "1994.09.01"]
[SourceVersion "1"]
[SourceVersionDate "1994.09.01"]
[SourceQuality "1"]

1. e4 c6 2. d4 d5 3. Nc3 dxe4 4. Nxe4 Nd7 5. Ng5 Ngf6 6. Bd3 e6 7. N1f3 Be7 8. Qe2 h6 9. Nxe6 fxe6 10. Bg6+ Kf8 11. 0-0 Nb6 12. Ne5 Rg8 13. a4 Bd7 14. a5 Nbd5 15. c4 Nc7 16. Be3 Be8 17. Bc2 a6 18. f4 g6 19. Rf3 Bf7 20. Rg3 Qe8 21. f5 g5 22. Rf1 Bh5 23. Qd2 Bd6 24. h4 Rd8 25. Qf2 Ke7 26. hxg5 Bxe5 27. dxe5 Ng4 28. f6+ Kf7 29. Rxg4 Bxg4 30. g6+ Rxg6 31. Bxg6+ Kxg6 32. f7 Qf8 33. Qf6+ Kh5 34. Rf2 1-0